000 00330nam a2200145Ia 4500
008 100122s9999 xx 000 0 und d
082 _b41471
_a823
100 _aDU MAURIES D
245 _aMARY ANNE
260 _bDELL PUBLISHING CO LTD
_c1987
300 _a383
630 _aMARY ANNE
730 _aMARY ANNE
942 _cBOOK
999 _c372564
_d372561